Statistics for Chinese languages quiz

Click here to take the quiz!

General Stats

  • This quiz has been taken 1,202 times
  • The average score is 4 of 7

Answer Stats

Variety% Correct
Yue
96%
Mandarin
93%
Wu
75%
Hakka
44%
Min
42%
Xiang
28%
Gan
22%

Score Distribution

Percentile by Number Answered

Percent of People with Each Score

Your Score History

You have not taken this quiz